A REGIO Játékkereskedelmi Kft. webáruházi munkafolyamatainak elemző bemutatása és a vásárlói szokások felmérése

Bibliográfiai részletek
Szerző: Wimmer Szilvia
További közreműködők: Fabula László
Dokumentumtípus: Projektmunka
Kulcsszavak:webáruház
REGIO Játék
online kereskedelem
Online Access:http://dolgozattar.uni-bge.hu/11144

MARC

LEADER 00000nnm a2200000 i 4500
001 dolg11144
005 20170626133533.0
008 170512suuuu hu o 000 hun d
040 |a BGE Dolgozattár Repozitórium  |b hun 
041 |a hu 
100 1 |a Wimmer Szilvia 
245 1 2 |a A REGIO Játékkereskedelmi Kft. webáruházi munkafolyamatainak elemző bemutatása és a vásárlói szokások felmérése  |c Wimmer Szilvia  |h [elektronikus dokumentum] 
246 1 1 |a A REGIO Játékkereskedelmi Kft. webáruházi munkafolyamatainak elemző bemutatása és a vásárlói szokások felmérése 
516 |a Project_work 
695 |a webáruház 
695 |a REGIO Játék 
695 |a online kereskedelem  
700 1 |a Fabula László  |e ths 
856 4 0 |u http://dolgozattar.uni-bge.hu/11144/1/Wimmer%20Szilvia%20-%20Projektmunka.pdf  |z Dokumentum-elérés